[Event "53o Festival Citta' di Torino - Open A"]
[Site "Torino ITA"]
[Date "2024.01.03"]
[Round "2.10"]
[White "BERGERO, Simone"]
[Black "NARDELLI, Marco"]
[Result "1-0"]
[WhiteElo "2008"]
[BlackElo "2152"]
[PlyCount "99"]
[EventDate "2024.01.02"]

1. d4 Nf6 2. Bg5 d5 3. e3 Nbd7 4. f4 c5 5. c3 Qb6 6. Qc2 Ne4 7. Nf3 h6 8. Bh4
g5 9. Bg3 g4 10. Ne5 Nxe5 11. fxe5 Bf5 12. Bd3 Nxg3 13. hxg3 Bxd3 14. Qxd3 Qxb2
15. O-O Qxa1 16. Qb5+ Kd8 17. Qxb7 Rc8 18. Qxd5+ Kc7 19. Qxc5+ Kb8 20. Qb4+ Kc7
21. Qa5+ Kb8 22. Qb5+ Kc7 23. Qc4+ Kb8 24. Qb3+ Ka8 25. Qd5+ Kb8 26. e6 Bg7 27.
Nd2 Qxf1+ 28. Kxf1 fxe6 29. Qb5+ Ka8 30. Ne4 Rc7 31. Nc5 Rb8 32. Nxe6 Rxb5 33.
Nxc7+ Kb7 34. Nxb5 a6 35. Na3 Kc6 36. Ke2 h5 37. Kd3 e6 38. Nc4 Kb5 39. Nb2 Bf8
40. e4 Bh6 41. Nc4 Bg7 42. Ne3 Kc6 43. c4 Kd6 44. e5+ Ke7 45. Ke4 Bh6 46. d5
Kd7 47. dxe6+ Kxe6 48. Nf5 Bf8 49. Nd4+ Kd7 50. Kd5 1-0

[Event "53o Festival Citta' di Torino - Open A"]
[Site "Torino ITA"]
[Date "2024.01.03"]
[Round "2.11"]
[White "MONTORSI, Matteo"]
[Black "ROTONDARO, Alberto"]
[Result "1/2-1/2"]
[WhiteElo "2162"]
[BlackElo "2056"]
[PlyCount "77"]
[EventDate "2024.01.02"]

1. e4 c5 2. Nc3 Nc6 3. g3 g6 4. Bg2 Bg7 5. d3 d6 6. Be3 Rb8 7. Qd2 b5 8. Nge2
b4 9. Nd1 Nd4 10. O-O h5 11. h3 e6 12. Nc1 Ba6 13. a3 bxa3 14. Rxa3 Rb6 15. c3
Nc6 16. b4 cxb4 17. Bxb6 Qxb6 18. cxb4 Nge7 19. Ne3 Qxb4 20. Qxb4 Nxb4 21. Na2
Nxa2 22. Rxa6 Nb4 23. Rxa7 Nec6 24. Rc7 O-O 25. Rb1 Bd4 26. Nc4 Bc5 27. e5 d5
28. Na5 Nxa5 29. Rxc5 Nac6 30. f4 Ra8 31. Bf1 Ra2 32. Kh1 Rc2 33. Rxc2 Nxc2 34.
Rb7 Kg7 35. h4 N6d4 36. Kg2 Ne3+ 37. Kf2 Ng4+ 38. Kg2 Ne3+ 39. Kf2 1/2-1/2

[Event "53o Festival Citta' di Torino - Open A"]
[Site "Torino ITA"]
[Date "2024.01.03"]
[Round "2.12"]
[White "TRIPODI, Enzo"]
[Black "Mallet, Lionel"]
[Result "1-0"]
[WhiteElo "2139"]
[BlackElo "2037"]
[PlyCount "77"]
[EventDate "2024.01.02"]

1. e4 c5 2. Nf3 a6 3. c4 Nc6 4. d4 cxd4 5. Nxd4 e6 6. Nc3 Bc5 7. Be3 Qe7 8. Be2
Nf6 9. O-O O-O 10. a3 Bxd4 11. Bxd4 d6 12. Be3 Bd7 13. Qd2 Ne5 14. Rad1 Bc6 15.
f4 Neg4 16. Bb6 Nh6 17. Bf3 Ne8 18. b4 f5 19. e5 Nf7 20. Be2 dxe5 21. Bc5 Qf6
22. b5 axb5 23. cxb5 Be4 24. Nxe4 fxe4 25. Bxf8 Kxf8 26. fxe5 Qxe5 27. Qd7 Nf6
28. Qxb7 Rb8 29. Qa7 Kg8 30. Qd4 Qc7 31. a4 Nd5 32. Rc1 Qa5 33. Qxe4 Nc3 34.
Qxe6 Nxe2+ 35. Qxe2 Qxa4 36. Rxf7 Kxf7 37. Rc7+ Kg8 38. Qe6+ Kh8 39. Rc8+ 1-0

[Event "53o Festival Citta' di Torino - Open A"]
[Site "Torino ITA"]
[Date "2024.01.03"]
[Round "2.13"]
[White "VAIRO, Rocco Enrico"]
[Black "CENTAMORE, Alberto"]
[Result "1-0"]
[WhiteElo "2060"]
[BlackElo "2127"]
[PlyCount "135"]
[EventDate "2024.01.02"]

1. c4 e6 2. g3 d5 3. d4 a6 4. Bg2 dxc4 5. Nf3 b5 6. Ne5 c6 7. Nxc6 Qb6 8. Nxb8
Rxb8 9. O-O Bb7 10. e4 Nf6 11. Re1 Be7 12. Nc3 O-O 13. Be3 Rbd8 14. Qc2 Ng4 15.
a4 Nxe3 16. fxe3 f5 17. e5 Bg5 18. Bxb7 Qxb7 19. axb5 axb5 20. Qg2 Rd7 21. Qxb7
Rxb7 22. Ra6 Kf7 23. Kf2 Rfb8 24. h4 Be7 25. Ne2 Rb6 26. Rea1 b4 27. Ra7 R8b7
28. Rxb7 Rxb7 29. Ke1 c3 30. bxc3 bxc3 31. Nxc3 Rb2 32. Ne2 Bb4+ 33. Kf2 h6 34.
Ra7+ Kg8 35. Ra6 Kf7 36. h5 Bc3 37. Ra7+ Kg8 38. Re7 Bd2 39. Rxe6 Rb3 40. d5
Bxe3+ 41. Kg2 Rb2 42. Kf3 Rb3 43. Rc6 Bg5+ 44. Rc3 Rb5 45. Rd3 Kf7 46. Nf4 Ke7
47. Ne6 Kf7 48. Nxg5+ hxg5 49. g4 fxg4+ 50. Kxg4 Rb4+ 51. Kxg5 Rb1 52. Rd4 Rg1+
53. Kf5 Rh1 54. e6+ Ke8 55. Rg4 Rxh5+ 56. Rg5 Rh7 57. Kg6 Rh1 58. Kxg7 Ke7 59.
Kg8 Rc1 60. Rg7+ Ke8 61. Rd7 Rg1+ 62. Kh7 Rg2 63. d6 Re2 64. Re7+ Kd8 65. Kg7
Rf2 66. Rf7 Rg2+ 67. Kf8 Re2 68. e7+ 1-0

[Event "53o Festival Citta' di Torino - Open A"]
[Site "Torino ITA"]
[Date "2024.01.03"]
[Round "2.14"]
[White "PACINI, Ermanno"]
[Black "LO GATTO, Riccardo"]
[Result "1/2-1/2"]
[WhiteElo "2122"]
[BlackElo "2028"]
[PlyCount "27"]
[EventDate "2024.01.02"]

1. Nf3 Nf6 2. c4 b6 3. Nc3 c5 4. g3 Bb7 5. Bg2 g6 6. O-O Bg7 7. Qc2 Nc6 8. Rd1
O-O 9. b3 d5 10. cxd5 Nxd5 11. Bb2 Rc8 12. Nxd5 Qxd5 13. Bxg7 Kxg7 14. Qc4
1/2-1/2

[Event "53o Festival Citta' di Torino - Open A"]
[Site "Torino ITA"]
[Date "2024.01.03"]
[Round "2.15"]
[White "GOLA, Giorgio"]
[Black "GALLO, Ivan"]
[Result "1-0"]
[WhiteElo "2090"]
[BlackElo "2004"]
[PlyCount "79"]
[EventDate "2024.01.02"]

1. d4 Nf6 2. c4 e6 3. Nc3 Bb4 4. f3 d5 5. a3 Bxc3+ 6. bxc3 c5 7. e3 O-O 8. cxd5
exd5 9. Bd3 Re8 10. Ne2 b6 11. O-O Ba6 12. Ng3 Bxd3 13. Qxd3 Nc6 14. Ra2 Rc8
15. Rd1 Re6 16. Re2 h5 17. Bb2 Qe8 18. Rde1 Rc7 19. e4 c4 20. Qc2 g6 21. Bc1 h4
22. Nh1 Rce7 23. Nf2 Qd7 24. Bg5 h3 25. e5 Nh5 26. Bxe7 Qxe7 27. Nxh3 Nd8 28.
g4 Qh4 29. Kg2 Ng7 30. Qd2 Re8 31. Qg5 Qh7 32. Qf4 Nge6 33. Qg3 g5 34. f4 Qh4
35. f5 Qxh3+ 36. Kxh3 Nf4+ 37. Qxf4 gxf4 38. g5 Kg7 39. Kg4 Rh8 40. h4 1-0

[Event "53o Festival Citta' di Torino - Open A"]
[Site "Torino ITA"]
[Date "2024.01.03"]
[Round "2.16"]
[White "GIOSEFFI, Massimiliano"]
[Black "FAVITTA, Amedeo"]
[Result "1-0"]
[WhiteElo "2044"]
[BlackElo "2075"]
[PlyCount "93"]
[EventDate "2024.01.02"]

1. d4 d5 2. c4 dxc4 3. Nf3 Nf6 4. e3 e6 5. Bxc4 c5 6. O-O Nc6 7. Qe2 a6 8. a4
cxd4 9. Rd1 Be7 10. exd4 O-O 11. Nc3 Nb4 12. Ne5 Nfd5 13. Ne4 b6 14. Ra3 f6 15.
Rh3 Qe8 16. Nd3 Bd7 17. Nc3 Bd6 18. Nxb4 Nxb4 19. Re3 Qb8 20. Bxe6+ Bxe6 21.
Rxe6 Bxh2+ 22. Kh1 Kh8 23. g3 Bxg3 24. fxg3 Qxg3 25. Qg2 Qh4+ 26. Kg1 Rae8 27.
d5 Rxe6 28. dxe6 Re8 29. Be3 g6 30. Bf2 Qc4 31. Rd4 Qb3 32. Qf3 Rxe6 33. Qa8+
Kg7 34. Rd7+ Kh6 35. Qh1+ Kg5 36. Qg2+ Kh6 37. Qh3+ Kg5 38. Ne4+ Rxe4 39. Qxb3
f5 40. Rd4 a5 41. Rxe4 fxe4 42. Bxb6 Nd3 43. Bxa5 Kf4 44. Bd2+ Kf3 45. a5 Ke2
46. Qxd3+ exd3 47. Bh6 1-0

[Event "53o Festival Citta' di Torino - Open A"]
[Site "Torino ITA"]
[Date "2024.01.03"]
[Round "3.1"]
[White "FAVALORO, Andrea"]
[Black "Vela Frago, Alberto"]
[Result "1/2-1/2"]
[WhiteElo "2411"]
[BlackElo "2310"]
[PlyCount "61"]
[EventDate "2024.01.02"]

1. Nf3 d5 2. g3 Nd7 3. d4 Nb6 4. Nbd2 Bf5 5. Nh4 Bd7 6. Bg2 c6 7. O-O Nf6 8. b3
a5 9. a4 g6 10. Bb2 Bg7 11. c4 O-O 12. e3 Re8 13. Re1 Nc8 14. Rc1 Nd6 15. Qc2
g5 16. Nhf3 Bf5 17. Qd1 Nde4 18. Nxe4 Nxe4 19. Ne5 Nf6 20. f3 h6 21. e4 Bh7 22.
exd5 cxd5 23. c5 Nd7 24. Nxd7 Qxd7 25. Bf1 Qc7 26. Bb5 Red8 27. Qd2 Bf5 28. Re3
Bf6 29. Qe2 Rac8 30. Kg2 Kg7 31. Qd2 1/2-1/2

[Event "53o Festival Citta' di Torino - Open A"]
[Site "Torino ITA"]
[Date "2024.01.03"]
[Round "3.2"]
[White "BARP, Alberto"]
[Black "Petritaj, Ferdinando"]
[Result "1-0"]
[WhiteElo "2437"]
[BlackElo "2176"]
[PlyCount "80"]
[EventDate "2024.01.02"]

1. d4 Nf6 2. c4 e6 3. Nf3 b6 4. g3 Bb7 5. Bg2 Be7 6. O-O O-O 7. Nc3 Na6 8. Ne5
Bxg2 9. Kxg2 Qc8 10. e4 c6 11. Qa4 Qb7 12. Be3 Rab8 13. Qb3 d6 14. Nd3 b5 15.
cxb5 cxb5 16. f3 Nc7 17. Rfc1 h5 18. Rc2 h4 19. Rac1 Rfc8 20. Nd1 a5 21. N1f2
Bf8 22. Bd2 a4 23. Qc3 Ncd5 24. Qxc8 Rxc8 25. Rxc8 Nb6 26. R1c7 Qxc8 27. Rxc8
Nxc8 28. g4 Nb6 29. Bg5 d5 30. Bxh4 Nc4 31. Bg5 b4 32. Kf1 Nxb2 33. Nxb2 a3 34.
Nbd1 b3 35. Nc3 Bb4 36. Nfd1 b2 37. Bxf6 gxf6 38. exd5 exd5 39. Ke2 Kg7 40. Kd3
Kg6 1-0

[Event "53o Festival Citta' di Torino - Open A"]
[Site "Torino ITA"]
[Date "2024.01.03"]
[Round "3.3"]
[White "BIFULCO, Michel"]
[Black "Defromont, Benjamin"]
[Result "1/2-1/2"]
[WhiteElo "2251"]
[BlackElo "2423"]
[PlyCount "68"]
[EventDate "2024.01.02"]

1. e4 c5 2. Nf3 Nc6 3. Bb5 Nf6 4. Bxc6 dxc6 5. d3 Bg4 6. h3 Bh5 7. g4 Bg6 8. b3
Nd7 9. Bb2 Qc7 10. Qe2 e5 11. Nh4 f6 12. g5 O-O-O 13. Nd2 Bf7 14. gxf6 gxf6 15.
Nf5 h5 16. h4 Bh6 17. O-O-O Bf4 18. Kb1 Nf8 19. Nc4 Ne6 20. c3 Kb8 21. Nce3
Rhg8 22. Rhg1 Bg6 23. Rg2 Qh7 24. Qf3 Rd7 25. Kc2 Rgd8 26. Rdg1 Bf7 27. Rd1 Bg6
28. Rdg1 Bf7 29. Rd1 Ka8 30. a4 Bg6 31. Rdg1 Be8 32. Rd1 Bg6 33. Rdg1 Be8 34.
Rd1 Bg6 1/2-1/2

[Event "53o Festival Citta' di Torino - Open A"]
[Site "Torino ITA"]
[Date "2024.01.03"]
[Round "3.4"]
[White "Lacan Rus, David"]
[Black "GENOCCHIO, Daniele"]
[Result "0-1"]
[WhiteElo "2121"]
[BlackElo "2367"]
[PlyCount "82"]
[EventDate "2024.01.02"]

1. e4 e5 2. Nf3 Nc6 3. Bb5 Nf6 4. Nc3 Bb4 5. O-O O-O 6. Bxc6 dxc6 7. Nxe5 Re8
8. d4 c5 9. a3 Ba5 10. Ne2 cxd4 11. Nc4 c5 12. e5 Ng4 13. b4 Bc7 14. bxc5 Nxe5
15. Nd6 Bxd6 16. cxd6 d3 17. cxd3 Qxd6 18. Bf4 Qd5 19. Bxe5 Rxe5 20. d4 Rg5 21.
Nf4 Qd6 22. Qd2 b6 23. Ne2 Qg6 24. Ng3 Bb7 25. Rac1 h5 26. Rc7 Bd5 27. Qf4 Re8
28. f3 a5 29. Rfc1 Be6 30. R7c6 b5 31. R6c5 Rxc5 32. dxc5 Bd5 33. Qf5 Qh6 34.
f4 Be6 35. Qg5 Qxg5 36. fxg5 b4 37. axb4 axb4 38. Ne2 b3 39. Nd4 Ra8 40. Nxe6
b2 41. Rf1 Ra1 0-1

[Event "53o Festival Citta' di Torino - Open A"]
[Site "Torino ITA"]
[Date "2024.01.03"]
[Round "3.5"]
[White "COLLUTIIS, Duilio"]
[Black "BETTALLI, Francesco"]
[Result "1/2-1/2"]
[WhiteElo "2344"]
[BlackElo "2271"]
[PlyCount "25"]
[EventDate "2024.01.02"]

1. d4 Nf6 2. Bg5 d5 3. Nc3 Nbd7 4. Qd3 e6 5. Nf3 c5 6. e4 cxd4 7. Qxd4 Bc5 8.
Qa4 Qb6 9. O-O-O O-O 10. exd5 Bxf2 11. dxe6 Qxe6 12. Kb1 h6 13. Bh4 1/2-1/2

[Event "53o Festival Citta' di Torino - Open A"]
[Site "Torino ITA"]
[Date "2024.01.03"]
[Round "3.6"]
[White "PISCOPO, Pierluigi"]
[Black "BERGERO, Simone"]
[Result "1/2-1/2"]
[WhiteElo "2319"]
[BlackElo "2008"]
[PlyCount "31"]
[EventDate "2024.01.02"]

1. c4 e5 2. Nc3 Nf6 3. e3 c6 4. Nf3 e4 5. Nd4 d5 6. cxd5 cxd5 7. d3 Bc5 8. Nb3
Bb4 9. dxe4 Nxe4 10. Qd4 Bxc3+ 11. bxc3 O-O 12. Bd3 Nc6 13. Qa4 Qf6 14. Bxe4
dxe4 15. Qxe4 Bf5 16. Qf4 1/2-1/2

[Event "53o Festival Citta' di Torino - Open A"]
[Site "Torino ITA"]
[Date "2024.01.03"]
[Round "3.7"]
[White "YAO, Stefano"]
[Black "MALDONADO GONZALES, Stefano"]
[Result "1/2-1/2"]
[WhiteElo "2306"]
[BlackElo "2166"]
[PlyCount "98"]
[EventDate "2024.01.02"]

1. d4 d5 2. c4 c6 3. Nf3 Nf6 4. Qb3 dxc4 5. Qxc4 Bg4 6. Nbd2 Nbd7 7. g3 e6 8.
Bg2 Be7 9. O-O O-O 10. b3 Rc8 11. h3 Bf5 12. Bb2 b5 13. Qc1 c5 14. Qd1 Ne4 15.
a4 a6 16. axb5 axb5 17. Ra7 Bf6 18. e3 Nb8 19. Ra8 cxd4 20. Bxd4 Nxd2 21. Qxd2
Be4 22. Ra2 Bxd4 23. Qxd4 Qxd4 24. Nxd4 Bxg2 25. Kxg2 Nc6 26. Rd1 Nxd4 27. Rxd4
Ra8 28. Rxa8 Rxa8 29. Rd7 Rb8 30. Kf3 Kf8 31. Ke4 Ke8 32. Rc7 b4 33. g4 Rb5 34.
f4 g5 35. fxg5 Rxg5 36. Rb7 h5 37. Kf4 Rc5 38. Rxb4 hxg4 39. Kxg4 Kf8 40. h4
Kg7 41. Rb7 Kg6 42. e4 Kf6 43. b4 Re5 44. Kf4 Rh5 45. Kg4 Re5 46. Kf3 Rh5 47.
Kg4 Re5 48. Kf4 Rh5 49. Kg4 Re5 1/2-1/2

[Event "53o Festival Citta' di Torino - Open A"]
[Site "Torino ITA"]
[Date "2024.01.03"]
[Round "3.8"]
[White "TRIPODI, Enzo"]
[Black "CAPPELLETTO, Joshuaede"]
[Result "1-0"]
[WhiteElo "2139"]
[BlackElo "2320"]
[PlyCount "35"]
[EventDate "2024.01.02"]

1. e4 c5 2. Nf3 e6 3. d4 cxd4 4. Nxd4 Nc6 5. Nc3 Qc7 6. Be3 a6 7. g4 h6 8. Qd2
Nf6 9. f3 b5 10. Nxc6 dxc6 11. O-O-O Be7 12. h4 e5 13. Bh3 Nd7 14. g5 hxg5 15.
hxg5 Rf8 16. Qf2 b4 17. Na4 Rb8 18. Rd2 1-0

[Event "53o Festival Citta' di Torino - Open A"]
[Site "Torino ITA"]
[Date "2024.01.03"]
[Round "3.9"]
[White "GOLA, Giorgio"]
[Black "Pasini, Nicolo"]
[Result "0-1"]
[WhiteElo "2090"]
[BlackElo "2193"]
[PlyCount "132"]
[EventDate "2024.01.02"]

1. d4 Nf6 2. c4 c5 3. d5 a6 4. Nc3 b5 5. g3 g6 6. Bg2 d6 7. e4 Bg7 8. Nge2 bxc4
9. O-O O-O 10. Qa4 Ne8 11. Qxc4 Nc7 12. Qd3 Nd7 13. b3 Nb5 14. Bb2 a5 15. Rfe1
Ba6 16. Qd2 Nxc3 17. Bxc3 Bxe2 18. Bxg7 Kxg7 19. Rxe2 Qc7 20. Re3 Rfb8 21. a4
Rb4 22. Bf1 h5 23. Rae1 Ne5 24. f4 Ng4 25. Rf3 Rd4 26. Qb2 Nf6 27. Bc4 Kg8 28.
Qc2 Qb6 29. Rfe3 Qb4 30. R3e2 Kg7 31. Rd1 Rxd1+ 32. Qxd1 h4 33. Qe1 hxg3 34.
hxg3 Qb7 35. Rh2 Qd7 36. Qc3 Qg4 37. Be2 Qd7 38. Bb5 Qg4 39. Be2 Qd7 40. Bb5
Qa7 41. Bc4 Rh8 42. Rxh8 Kxh8 43. Kg2 Kg8 44. Bd3 Ng4 45. Be2 Nf6 46. Bd3 Qb6
47. Qc4 Qc7 48. Qc3 Qa7 49. Qc4 Ng4 50. Kf3 Nh2+ 51. Kg2 Ng4 52. Kf3 Nf6 53.
Kg2 Kg7 54. Qc3 Qc7 55. Bc4 Kg8 56. Bd3 Nh5 57. Be2 Ng7 58. Bc4 Ne8 59. Bb5 Nf6
60. Bd3 Kh7 61. Qc4 Qa7 62. Qc3 c4 63. bxc4 Qe3 64. Qc2 Nh5 65. Qe2 Qxg3+ 66.
Kf1 Nxf4 0-1

[Event "53o Festival Citta' di Torino - Open A"]
[Site "Torino ITA"]
[Date "2024.01.03"]
[Round "3.10"]
[White "Lauda, Alexandr"]
[Black "VAIRO, Rocco Enrico"]
[Result "1-0"]
[WhiteElo "2182"]
[BlackElo "2060"]
[PlyCount "75"]
[EventDate "2024.01.02"]

1. e4 c5 2. Nf3 e6 3. d4 cxd4 4. Nxd4 Nf6 5. Nc3 Nc6 6. Nxc6 bxc6 7. Bd3 e5 8.
O-O Bb4 9. f4 exf4 10. Bxf4 O-O 11. Kh1 d6 12. Bg5 Qe7 13. Qf3 Qe5 14. Bxf6
Qxf6 15. Qxf6 gxf6 16. Rxf6 Bxc3 17. bxc3 Be6 18. a4 Rab8 19. a5 Rb2 20. g4 c5
21. c4 Rb4 22. g5 Rd8 23. Kg1 Rd7 24. a6 Rd8 25. Ra5 Rb6 26. e5 dxe5 27. Rxc5
e4 28. Bxe4 Rd1+ 29. Kf2 Rxa6 30. Rh6 Rd4 31. Bxh7+ Kf8 32. Bd3 Ra3 33. g6 fxg6
34. Rxg6 Bf7 35. Rf6 Ke7 36. Rh6 Rf4+ 37. Ke2 a5 38. Re5+ 1-0

[Event "53o Festival Citta' di Torino - Open A"]
[Site "Torino ITA"]
[Date "2024.01.03"]
[Round "3.11"]
[White "MADIAI, Federico"]
[Black "GIOSEFFI, Massimiliano"]
[Result "0-1"]
[WhiteElo "2172"]
[BlackElo "2044"]
[PlyCount "105"]
[EventDate "2024.01.02"]

1. e4 c5 2. Nf3 e6 3. d4 cxd4 4. Nxd4 Nc6 5. Nc3 Qc7 6. Be3 a6 7. f4 b5 8. Qd2
b4 9. Na4 Nf6 10. Bd3 Bb7 11. Nb3 d6 12. Bb6 Qb8 13. O-O Be7 14. Rae1 O-O 15.
Ba5 Nxa5 16. Nxa5 d5 17. e5 Nd7 18. Nxb7 Qxb7 19. f5 exf5 20. Rxf5 Qc6 21. Rh5
h6 22. b3 a5 23. Qf4 Bg5 24. Qg3 g6 25. e6 fxe6 26. h4 gxh5 27. hxg5 Kh8 28.
Qh3 e5 29. Bf5 Rad8 30. Be6 e4 31. gxh6 Rf6 32. Qg3 Rxh6 33. Bxd7 Qxd7 34. Nc5
Qg7 35. Qh4 Rg8 36. Qf2 Rf6 37. Qd2 Rg6 38. Re2 e3 39. Qxd5 Rg5 40. Qc6 Qa1+
41. Kh2 Qe5+ 42. Kg1 R8g6 43. Qa8+ Kh7 44. Nd7 Qa1+ 45. Kh2 Rg8 46. Qe4+ Kh6
47. Qxe3 Qd1 48. Rd2 Qg4 49. Nf6 Qh4+ 50. Kg1 R8g6 51. Ne4 Qg4 52. g3 Qe6 53.
Qf4 0-1

[Event "53o Festival Citta' di Torino - Open A"]
[Site "Torino ITA"]
[Date "2024.01.03"]
[Round "3.12"]
[White "LO GATTO, Riccardo"]
[Black "MONTORSI, Matteo"]
[Result "1/2-1/2"]
[WhiteElo "2028"]
[BlackElo "2162"]
[PlyCount "103"]
[EventDate "2024.01.02"]

1. d4 Nf6 2. c4 c5 3. d5 e6 4. Nc3 exd5 5. cxd5 d6 6. e4 g6 7. f4 Bg7 8. Bb5+
Nfd7 9. a4 O-O 10. Nf3 Na6 11. O-O Nb4 12. Be3 a6 13. Be2 Re8 14. Bf2 Qc7 15.
Bg3 c4 16. Re1 Rb8 17. Bf1 b5 18. axb5 axb5 19. e5 dxe5 20. fxe5 Nxe5 21. Nxe5
Bxe5 22. Rxe5 Rxe5 23. Qd4 f6 24. d6 Qf7 25. Bxe5 fxe5 26. Qxe5 Bf5 27. Nxb5
Rf8 28. Nd4 Bd3 29. Nf3 Bxf1 30. Kxf1 Nd3 31. Qd4 Qf4 32. Qxf4 Rxf4 33. d7 Rf8
34. Rd1 Rd8 35. b3 Rxd7 36. bxc4 Kf7 37. g3 Kf6 38. Ke2 Nc5 39. Rxd7 Nxd7 40.
Kd3 Kf5 41. h3 g5 42. Nd2 h5 43. Ke3 Nc5 44. Kd4 Ne6+ 45. Kd5 Nc7+ 46. Kd6 Na6
47. c5 h4 48. gxh4 gxh4 49. Nf3 Kf4 50. Nxh4 Nxc5 51. Ng6+ Kg5 52. Kxc5 1/2-1/2

[Event "53o Festival Citta' di Torino - Open A"]
[Site "Torino ITA"]
[Date "2024.01.03"]
[Round "3.13"]
[White "AGRESTA, Giulio"]
[Black "PACINI, Ermanno"]
[Result "1-0"]
[WhiteElo "2029"]
[BlackElo "2122"]
[PlyCount "61"]
[EventDate "2024.01.02"]

1. e4 c5 2. Nf3 d6 3. d4 cxd4 4. Nxd4 Nf6 5. Nc3 a6 6. Bg5 e6 7. f4 Be7 8. Qf3
h6 9. Bh4 Qc7 10. O-O-O Nbd7 11. f5 e5 12. Nb3 b5 13. a3 Rb8 14. g4 b4 15. axb4
Rxb4 16. Bf2 Bb7 17. Bd3 Nc5 18. Nxc5 dxc5 19. b3 O-O 20. Bc4 Qa5 21. Rd3 Qa3+
22. Kd2 Ne8 23. h4 Nd6 24. f6 gxf6 25. g5 f5 26. gxh6 Kh8 27. Rxd6 Rxc4 28. Qg3
Rg8 29. Qxe5+ Kh7 30. Qxe7 Rd4+ 31. Rxd4 1-0

[Event "53o Festival Citta' di Torino - Open A"]
[Site "Torino ITA"]
[Date "2024.01.03"]
[Round "3.15"]
[White "NARDELLI, Marco"]
[Black "FAVITTA, Amedeo"]
[Result "0-1"]
[WhiteElo "2152"]
[BlackElo "2075"]
[PlyCount "70"]
[EventDate "2024.01.02"]

1. e4 c6 2. d4 d5 3. Nc3 dxe4 4. Nxe4 Nf6 5. Nxf6+ exf6 6. c3 Bd6 7. Bd3 O-O 8.
Qc2 Re8+ 9. Ne2 h5 10. Bd2 Nd7 11. O-O-O Nf8 12. Ng3 Be6 13. Kb1 b5 14. Ne4 Be7
15. Bc1 b4 16. c4 Qxd4 17. Be3 Qe5 18. f4 Qc7 19. h3 h4 20. Qf2 Bf5 21. Nxf6+
Bxf6 22. Bxf5 Ne6 23. Rd2 Qa5 24. Bc2 c5 25. Rd5 Qa6 26. Bb3 Rac8 27. Rhd1 Nd4
28. Bxd4 cxd4 29. Re1 Qc6 30. f5 a5 31. Rxe8+ Rxe8 32. Rxa5 Qe4+ 33. Bc2 d3 34.
Bd1 Qe1 35. Qf3 Qd2 0-1

[Event "53o Festival Citta' di Torino - Open A"]
[Site "Torino ITA"]
[Date "2024.01.03"]
[Round "3.16"]
[White "CENTAMORE, Alberto"]
[Black "Mallet, Lionel"]
[Result "1-0"]
[WhiteElo "2127"]
[BlackElo "2037"]
[PlyCount "91"]
[EventDate "2024.01.02"]

1. d4 Nf6 2. c4 e6 3. Nf3 c5 4. d5 b5 5. Bg5 exd5 6. cxd5 d6 7. e4 a6 8. a4 h6
9. Bxf6 Qxf6 10. axb5 Qxb2 11. Nbd2 Be7 12. Rb1 Qc3 13. b6 Bb7 14. Qb3 Qxb3 15.
Rxb3 O-O 16. Nc4 a5 17. Be2 Nd7 18. O-O f5 19. exf5 Rxf5 20. Rb5 a4 21. Ra1
Rff8 22. Na5 Bxd5 23. Rd1 Be4 24. Nd2 Bc2 25. Rc1 Bg6 26. Bc4+ Kh8 27. Nc6 Bg5
28. b7 Rae8 29. Rb2 Be4 30. Bb5 a3 31. Ra2 Bd5 32. Rac2 a2 33. Na5 Re7 34. Rd1
Bf6 35. Ndb3 Be4 36. Rxa2 Nb8 37. Re2 Rff7 38. Nxc5 Bc3 39. Nxe4 Bxa5 40. Nxd6
Rxe2 41. Nxf7+ Kg8 42. Nxh6+ gxh6 43. Bxe2 Kf7 44. Rc1 Ke7 45. Rc8 Nd7 46. b8=R
1-0

[Event "53o Festival Citta' di Torino - Open A"]
[Site "Torino ITA"]
[Date "2024.01.04"]
[Round "4.1"]
[White "Vela Frago, Alberto"]
[Black "BARP, Alberto"]
[Result "0-1"]
[WhiteElo "2310"]
[BlackElo "2437"]
[PlyCount "62"]
[EventDate "2024.01.02"]

1. d4 Nf6 2. c4 e6 3. g3 Bb4+ 4. Bd2 a5 5. Bg2 O-O 6. e3 d5 7. Qc2 b6 8. Nf3
Ba6 9. Ne5 Bd6 10. Nc3 Bxe5 11. dxe5 Nfd7 12. cxd5 Nxe5 13. O-O-O Nd3+ 14. Kb1
Nb4 15. Qb3 Bd3+ 16. Kc1 N8a6 17. Qa3 Nc5 18. Na4 Bc2 19. Nxc5 bxc5 20. dxe6
Bxd1 21. Bxa8 Nd3+ 22. Kxd1 Qxa8 23. Rf1 Qf3+ 24. Kc2 Nb4+ 25. Kc1 Qe2 26.
exf7+ Rxf7 27. Rd1 Qc4+ 28. Bc3 Rxf2 29. Qxa5 h6 30. Qa8+ Kh7 31. Kb1 Qd3+ 0-1

[Event "53o Festival Citta' di Torino - Open A"]
[Site "Torino ITA"]
[Date "2024.01.04"]
[Round "4.3"]
[White "Defromont, Benjamin"]
[Black "Lauda, Alexandr"]
[Result "1/2-1/2"]
[WhiteElo "2423"]
[BlackElo "2182"]
[PlyCount "133"]
[EventDate "2024.01.02"]

1. e4 e6 2. d4 d5 3. Nc3 Nf6 4. e5 Nfd7 5. f4 c5 6. Nf3 Nc6 7. Be3 Qb6 8. Na4
Qa5+ 9. c3 cxd4 10. b4 Nxb4 11. cxb4 Bxb4+ 12. Bd2 Bxd2+ 13. Nxd2 b6 14. Bd3
Ba6 15. Nb2 Nc5 16. Bxa6 Qxa6 17. Qe2 Qa3 18. Qb5+ Ke7 19. O-O Qe3+ 20. Rf2
Rhc8 21. Nf1 Qc3 22. Rd1 Ne4 23. Rf3 Qc5 24. Qb3 d3+ 25. Ne3 d2 26. Nd3 Qd4 27.
Nf2 Rc3 28. Qxd5 exd5 29. Nf5+ Kd7 30. Nxd4 Rc1 31. Nb3 Nxf2 32. Rxc1 dxc1=Q+
33. Nxc1 Ne4 34. Rd3 Ke6 35. Ne2 Rc8 36. Nd4+ Kd7 37. Nb3 Nc3 38. Kf2 Ke7 39.
a3 g6 40. g4 Ne4+ 41. Ke3 Rc3 42. Rxc3 Nxc3 43. Kd4 Nb5+ 44. Kxd5 Nxa3 45. Nd4
a5 46. f5 gxf5 47. gxf5 a4 48. Nc6+ Ke8 49. e6 Nb5 50. Kc4 Nd6+ 51. Kb4 Nxf5
52. exf7+ Kxf7 53. Ne5+ Ke6 54. Nc4 b5 55. Kxb5 Nd6+ 56. Nxd6 a3 57. Ne4 a2 58.
Nc5+ Kf5 59. Nb3 Kg4 60. Kb4 Kh3 61. Ka3 Kxh2 62. Kxa2 h5 63. Nd4 Kg3 64. Nf5+
Kg4 65. Ne3+ Kf4 66. Ng2+ Kg3 67. Ne3 1/2-1/2

[Event "53o Festival Citta' di Torino - Open A"]
[Site "Torino ITA"]
[Date "2024.01.04"]
[Round "4.4"]
[White "Pasini, Nicolo"]
[Black "COLLUTIIS, Duilio"]
[Result "1/2-1/2"]
[WhiteElo "2193"]
[BlackElo "2344"]
[PlyCount "67"]
[EventDate "2024.01.02"]

1. e4 c5 2. Nf3 e6 3. d4 cxd4 4. Nxd4 a6 5. h3 Nc6 6. Bf4 d6 7. Nxc6 bxc6 8.
Bd3 Nf6 9. O-O e5 10. Be3 Be7 11. c4 O-O 12. Nc3 Re8 13. Qe2 Nd7 14. b4 Bg5 15.
Rfd1 Bxe3 16. Qxe3 a5 17. b5 Qc7 18. Na4 Nf8 19. c5 Ne6 20. Rac1 Nd4 21. cxd6
Qxd6 22. bxc6 Rb8 23. Bf1 Be6 24. f4 f6 25. Nc3 Qa3 26. fxe5 fxe5 27. Qg5 h6
28. Qxe5 Nxc6 29. Qd6 Nb4 30. Bb5 Rbd8 31. Qb6 Rb8 32. Qd6 Rbd8 33. Qb6 Rb8 34.
Qd6 1/2-1/2

[Event "53o Festival Citta' di Torino - Open A"]
[Site "Torino ITA"]
[Date "2024.01.04"]
[Round "4.5"]
[White "GIOSEFFI, Massimiliano"]
[Black "PISCOPO, Pierluigi"]
[Result "0-1"]
[WhiteElo "2044"]
[BlackElo "2319"]
[PlyCount "66"]
[EventDate "2024.01.02"]

1. d4 Nf6 2. c4 e6 3. Nc3 Bb4 4. e3 O-O 5. Bd2 b6 6. Nf3 Bb7 7. Bd3 d6 8. Qc2
Nbd7 9. a3 Bxc3 10. Bxc3 Qe7 11. Ng5 h6 12. h4 e5 13. d5 c6 14. O-O-O cxd5 15.
cxd5 Rfc8 16. Bf5 b5 17. g4 a5 18. Nxf7 Nxd5 19. Nxd6 Qxd6 20. e4 b4 21. exd5
bxc3 22. Be6+ Kh8 23. bxc3 Qxa3+ 24. Kd2 Rf8 25. Rh2 Nc5 26. g5 Nxe6 27. dxe6
Rad8+ 28. Ke1 Rxd1+ 29. Kxd1 Qd6+ 30. Ke1 Qxe6 31. gxh6 Qxh6 32. Qb2 Bf3 33.
Qa3 Rd8 0-1

[Event "53o Festival Citta' di Torino - Open A"]
[Site "Torino ITA"]
[Date "2024.01.04"]
[Round "4.6"]
[White "BERGERO, Simone"]
[Black "YAO, Stefano"]
[Result "0-1"]
[WhiteElo "2008"]
[BlackElo "2306"]
[PlyCount "36"]
[EventDate "2024.01.02"]

1. d4 d5 2. c4 e6 3. Nc3 Nf6 4. Bf4 dxc4 5. e4 Bb4 6. f3 b5 7. a4 c6 8. axb5
cxb5 9. Bg5 Nc6 10. e5 h6 11. Bd2 Nd5 12. Nxb5 Ne3 13. Nd6+ Kf8 14. Qa4 Bd7 15.
Rc1 Qh4+ 16. g3 Bxd2+ 17. Kxd2 Qxd4+ 18. Ke2 Qxb2+ 0-1